| 000 | 01854nam a2200301 i 4500 | ||
|---|---|---|---|
| 003 | IT-RoINE | ||
| 005 | 20220126124856.0 | ||
| 008 | 210527s2021 sp a r 000 | spa d | ||
| 020 | _a9788429330250 | ||
| 040 |
_aULA _bspa _cIT-RoINE _dIT-RoINE |
||
| 100 | 1 |
_aSosa, Arturo, _cS.I., _d1948- _970856 |
|
| 245 | 1 | 0 |
_aEn camino con Ignacio / _cArturo Sosa, SJ, en conversación con Darío Menor ; prólogo de la Hna. Jolata Kafka, RMI. |
| 260 |
_aMaliaño, Cantabria : _bSal Terrae, _c2021. |
||
| 300 |
_a286 p. : _bil. ; _c22 cm. |
||
| 336 |
_aTexto (visual) _2rdacontent |
||
| 337 |
_2rdamedia _aunmediated |
||
| 338 |
_2rdacarrier _avolume |
||
| 490 | 1 |
_aServidores y testigos ; _v172 |
|
| 520 | 3 | _aEn este libro, preparado con motivo del 500 aniversario de la herida que dio lugar a la conversión de san Ignacio y que abre la celebración del (S0(BAño Ignaciano(S1(B, el lector se va a encontrar las reflexiones del P. Arturo Sosa, Superior General de la Compañía de Jesús desde el año 2016, sobre el mundo de hoy, la Iglesia y la propia Compañía, con fuerte insistencia en sus Preferencias Apostólicas Universales, junto con algunas sugerencias para la reflexión y la oración personal y comunitaria. Así, en palabras del P. Sosa, el lector es invitado (S0(Ba crecer, arrancando del momento en el que se encuentra, guiado por el Señor y avanzando paso a paso (?) a hacerse también peregrino, para recorrer el camino de la aventura de ser cristiano en este mundo en cambio(S1(B | |
| 600 | 1 | 4 |
_aSosa, Arturo, _cS.I., _d1948- _vEntrevistas _970859 |
| 610 | 4 |
_aJesuitas _9187 |
|
| 650 | 1 | 4 |
_aVida cristiana _93153 |
| 700 | 1 |
_aMenor Torres, Darío, _d1982- _970857 |
|
| 700 | 1 |
_aKafka, Jolanta _970858 |
|
| 740 | 0 | _aArturo Sosa, S.J. : en conversación con Darío Menor | |
| 830 | 0 |
_913585 _aServidores y testigos ; _v172 |
|
| 942 | _cMTS | ||
| 999 |
_c36558 _d36558 |
||